Представление документа в формате MARC21

Поле Инд. ПП Название Значение
Тип записи a
Библиографический уровень m
001 Контрольный номер 1d403c8c-5f18-403c-9be5-c6dfbd0c7b57
005 Дата корректировки 20140703164722.9
008 Кодируемые данные 080129
020 a ISBN 978-0-691-05094-2 (англ.)
a ISBN 978-5-9221-0798-3 (рус.)
c Цена, тираж 100.00
040 a Служба первич. каталог. НБ ТвГУ
041 a Код языка текста rus
h Код языка оригинала eng
080 a Индекс УДК 517.938
084 a Индекс другой классификации/Индекс ББК В161.61
a Индекс другой классификации/Индекс ББК В171.5
090 x Авторский знак С37
a Полочн. индекс В161.6
100 1_ a Автор Симиу Эмиль
245 10 a Заглавие Хаотические переходы в детерминированных и стохастических системах
b Продолж. заглавия применение метода Мельникова в технике, физике и нейрофизиологии
c Ответственность Э. Симиу ; пер. с англ. под ред. А. С. Ковалевой
260 0_ a Место издания Москва
b Издательство ФИЗМАТЛИТ
c Дата издания 2007
300 a Объем 208 с.
b Иллюстрации/ тип воспроизводства ил.
c Размеры 22 см
440 a Серия Фундаментальная и прикладная математика
500 a Примечание Доп. тит. л. англ.
504 a Библиография Библиогр. в конце кн.
583 a Действие Получение впервые 9 28.01.2008
k Исполнитель действия Дар РГГУ
650 a Основная рубрика Динамические системы
x Основная подрубрика Хаос
650 a Основная рубрика Детерминированные системы
650 a Основная рубрика Стохастические системы
653 a Ключевые слова Динамические системы
a Ключевые слова Детерминированные системы
a Ключевые слова Стохастические системы
a Ключевые слова Метод Мельникова
a Ключевые слова Хаотические переходы
700 1_ a Другие авторы Ковалева А. С.
e Роль лиц ред. пер.
852 t Порядковый номер экземпляра 2
p Инвентарный номер 902059
p Инвентарный номер 902060
863 t 00211562
863 t 00211563
888 a Бесплатные
952 p 9.2008 100.00 1 902059
p 9.2008 100.00 1 902060
c Вид литературы К рн
954 a Дата поступления на обработку 20080530
999 a Подразделение 2 Фил3